000
00240 a2200097 4500
001
46182
100
_a
Procter, P
245
_a
Longman dictionary Contemporary english
260
_a
London
_b
English Language booka
_c
090
_c
29288
_d
29288
942
_a
NUST-CAE
_c
M
_c
21433
999
_c
281255
_d
281255